Länderflaggen als Kreisdiagramm #8 - Statistiken

Allgemein
  • Dieses Quiz wurde 20 mal gespielt
  • Das Durchschnittsergebnis liegt bei 6 aus 20
Antwortstatistiken
Bildquiz Antwort % Korrekt
Bangladesch
93%
Afghanistan
80%
Nigeria
73%
Frankreich
60%
Lesotho
60%
Albanien
47%
Südafrika
47%
Ghana
33%
Guinea Bissau
27%
Sudan
27%
Irak
20%
Tansania
20%
Malaysia
13%
Togo
13%
Äthiopien
7%
Gambia
7%
Usbekistan
7%
Kiribati
0%
Nepal
0%
St. Kitts und Nevis
0%
Keine übereinstimmenden Quizze gefunden
Verteilung der Resultate
Anzahl Personen mit jedem Resultat
Perzentil nach korrekt beantworteten Fragen
Ihre Resultats-Entwicklung
Sie haben dieses Quiz noch nicht gespielt